Welcome to CU Library Online Public Access Catalogue (OPAC)

Advanced Engine Performance (L1) (Record no. 8156)

MARC details
000 -LEADER
fixed length control field 00494nam a22001577a 4500
005 - DATE AND TIME OF LATEST TRANSACTION
control field 20251108130545.0
008 - FIXED-LENGTH DATA ELEMENTS--GENERAL INFORMATION
fixed length control field 251108b |||||||| |||| 00| 0 eng d
020 ## - INTERNATIONAL STANDARD BOOK NUMBER
International Standard Book Number 9780130310958
050 ## - LIBRARY OF CONGRESS CALL NUMBER
Classification number TL210
Item number .H288
100 ## - MAIN ENTRY--PERSONAL NAME
Personal name Halderman, James D.
245 ## - TITLE STATEMENT
Title Advanced Engine Performance (L1)
Statement of responsibility, etc. James D. Halderman & Chase D. Mitchell Jr.
260 ## - PUBLICATION, DISTRIBUTION, ETC.
Place of publication, distribution, etc. Upper Saddle River, New Jersey
Name of publisher, distributor, etc. Prentice Hall
Date of publication, distribution, etc. 2004
300 ## - PHYSICAL DESCRIPTION
Extent iv. 140p.
Other physical details ill.
Dimensions 28cm
700 ## - ADDED ENTRY--PERSONAL NAME
Personal name Mitchell, Chase D.
942 ## - ADDED ENTRY ELEMENTS (KOHA)
Source of classification or shelving scheme Library of Congress Classification
Koha item type Books
Suppress in OPAC No
999 ## -
-- 8156
-- 8156
Holdings
Withdrawn status Lost status Source of classification or shelving scheme Damaged status Not for loan Collection Home library Current library Shelving location Date acquired Total checkouts Full call number Barcode Date last seen Copy number Price effective from Koha item type
    Library of Congress Classification     Non-fiction Science Library (Miotso) Science Library (Miotso) General stacks 11/08/2025   TL210 .H288 HAL SLM00005611 11/08/2025 1 11/08/2025 Books
© 2023-2024 Copyright: Central University Libraries. All Rights Reserved | Created by: Mahone Tech Office